000 nam a22 a 4500
999 _c4028
_d4028
003 AKMAL
005 20170524161532.0
008 170524s2005 my | e | a000 0 eng d
020 _a9831002997 (pbk.) :
_cRM16.00
040 _aAKMAL
_cAKMAL
082 0 4 _a808.51 SID
_222
090 _a808.51
_bSID
100 1 _aSidhu, Kulwindr Kaur
_97895
245 1 0 _aPublic speaking and presentation skills /
_cKulwindr Kaur Sidhu
260 _aKuala Lumpur :
_bPenerbit Universiti Malaya,
_c2005
300 _axxiv, 107p. ;
_c22cm.
440 0 _aHandbook series
_97896
504 _aBibliography : p. 107
650 1 0 _aPublic speaking
_9488
650 2 0 _aOral communication
_9684
942 _2ddc
_cBOOK